000
00375nam a2200133Ia 4500
008
151001s9999||||xx |||||||||||||| ||und||
100
_a
वालचंद्र नालचंद्र शहा
245
_a
शनवारवाडा
250
_a
1
260
_b
सुरस प्रकाशन पंजाब
260
_c
1955
300
_a
236
365
_b
7
999
_c
952143
_d
952140